Statistics for Casts of Best Picture Oscar-winning movies of the 1990s

Click here to take the quiz!

General Stats

  • This quiz has been taken 506 times
  • The average score is 30 of 100

Answer Stats

RolePerformer% Correct
William WallaceMel Gibson
99%
Forrest GumpTom Hanks
99%
Dr. Hannibal LecterAnthony Hopkins
98%
Clarice StarlingJodie Foster
98%
Jack DawsonLeonardo DiCaprio
98%
Rose DeWitt BukaterKate Winslet
97%
Lester BurnhamKevin Spacey
96%
Lt. John J. Dunbar / Dances with Wolves (Šuŋgmánitu Tȟáŋka Ób Wačhí)Kevin Costner
94%
Viola de LessepsGwyneth Paltrow
91%
Oskar SchindlerLiam Neeson
91%
Amon Goeth | Count László AlmásyRalph Fiennes
91%
William ShakespeareJoseph Fiennes
87%
Will MunnyClint Eastwood
82%
Mrs. GumpSally Field
76%
Elizabeth I of EnglandJudi Dench
70%
Molly BrownKathy Bates
68%
Carolyn BurnhamAnnette Bening
67%
Lt. Dan TaylorGary Sinise
67%
Jenny CurranRobin Wright
67%
Itzhak SternBen Kingsley
63%
Little Bill DaggettGene Hackman
62%
Caledon 'Cal' HockleyBilly Zane
61%
Ned LoganMorgan Freeman
59%
HanaJuliette Binoche
55%
Katharine CliftonKristin Scott Thomas
46%
Ned AlleynBen Affleck
39%
Col. Frank FittsChris Cooper
37%
Angela HayesMena Suvari
37%
Jane BurnhamThora Birch
36%
Geoffrey Clifton | Lord WessexColin Firth
34%
Philip HensloweGeoffrey Rush
33%
English BobRichard Harris
32%
Princess Isabella of FranceSophie Marceau
30%
Brock LovettBill Paxton
29%
More Kicking Bird (Ziŋtká Nagwáka)Graham Greene
29%
102-year-old Rose (Rose Dawson Calvert)Gloria Stuart
28%
Forrest Gump, Jr.Haley Joel Osment
26%
Stands With A Fist (Napépȟeča Nážiŋ Wiŋ)Mary McDonnell
26%
Ruth Dewitt Bukater | Strawberry AliceFrances Fisher
23%
Catherine MartinBrooke Smith
22%
Ricky FittsWes Bentley
22%
HamishBrendan Gleeson
20%
Jack CrawfordScott Glenn
20%
Thomas AndrewsVictor Garber
20%
David CaravaggioWillem Dafoe
20%
Jame "Buffalo Bill" GumbTed Levine
19%
Delilah FitzgeraldAnna Levine
18%
Captain Edward James SmithBernard Hill
15%
Buddy KanePeter Gallagher
15%
Barbara FittsAllison Janney
13%
Benjamin Buford "Bubba" BlueMykelti Williamson
13%
Murron MacClannoughCatherine McCormack
10%
KipNaveen Andrews
10%
Dr. Frederick ChiltonAnthony Heald
9%
Helen HirschEmbeth Davidtz
9%
Wind In His Hair (Pȟehíŋ Otȟáte)Rodney A. Grant
9%
Emilie SchindlerCaroline Goodall
8%
Spicer LovejoyDavid Warner
8%
Ralph BashfordJim Carter
8%
King Edward I (Longshanks) of EnglandPatrick McGoohan
8%
U.S. Senator Ruth MartinDiane Baker
7%
Jim OlmeyerScott Bakula
7%
Skinny DuboisAnthony James
6%
CampbellJames Cosmo
6%
Richard BurbageMartin Clunes
6%
W. W. BeauchampSaul Rubinek
6%
King Robert I (the Bruce) of ScotlandAngus Macfadyen
5%
Stephen of IrelandDavid O'Hara
5%
Barney MatthewsFrankie Faison
5%
Robert de Brus, Lord of AnnandaleIan Bannen
5%
The Schofield KidJaimz Woolvett
5%
Principal HancockSam Anderson
5%
Dr. MothAntony Sher
4%
Major MullerJürgen Prochnow
4%
Ardelia MappKasi Lemmons
4%
Maj. FambroughMaury Chaykin
4%
Davey BuntingRob Campbell
4%
Jim BerkleySam Robards
4%
Edmund TilneySimon Callow
4%
Black Shawl (Šiná Sápa Wiŋ)Tantoo Cardinal
4%
LamarTracey Walter
4%
Lt. ElginCharles Rocket
3%
Fenelon-BarnesClive Merrison
3%
Chief Ten Bears (Matȟó Wikčémna)Floyd Red Crow Westerman
3%
Peter MadoxJulian Wadham
3%
Sgt. HardyKevin Whately
3%
Marcel GoldbergMark Ivanir
3%
Elvis PresleyPeter Dobson
3%
Edward of Caernarfon, Prince of EnglandPeter Hanly
3%
TimmonsRobert Pastorelli
3%
Julian SchernerAndrzej Seweryn
2%
IngridBeatrice Macola
2%
WesleyGeoffrey Blake
2%
Stone Calf (Íŋyaŋ Ptehíŋčala)Jimmy Herman
2%
Poldek PfefferbergJonathan Sagall
2%
Wiktoria KlonowskaMałgorzata Gebel
2%
Dorothy HarrisSiobhan Fallon Hogan
2%

Score Distribution

Percentile by Number Answered

Percent of People with Each Score

Your Score History

You have not taken this quiz